Salud mental y enfermedad mental en América Latina : (Record no. 210276)

MARC details
000 -CABECERA
campo de control de longitud fija 00757cam a22002297a 4500
003 - IDENTIFICADOR DEL NÚMERO DE CONTROL
campo de control MX-MxUPN
005 - FECHA Y HORA DE LA ÚLTIMA TRANSACCIÓN
campo de control 20231026111713.0
008 - ELEMENTOS DE LONGITUD FIJA--INFORMACIÓN GENERAL
campo de control de longitud fija 230912s1982 mx| |||frb||| 001 0 spa d
020 ## - NÚMERO INTERNACIONAL NORMALIZADO PARA LIBROS
Número Internacional Estándar del Libro 9685803676
040 ## - FUENTE DE LA CATALOGACIÓN
Centro catalogador/agencia de origen MX-MxUPN
Lengua de catalogación spa
050 #4 - SIGNATURA TOPOGRÁFICA DE LA BIBLIOTECA DEL CONGRESO
Número de clasificación Z6671.52 P78
Número de documento/Ítem C65 1982
100 1# - ASIENTO PRINCIPAL--NOMBRE PERSONAL
9 (RLIN) 50450
Nombre de persona Collado Andón, Rolando
100 1# - ASIENTO PRINCIPAL--NOMBRE PERSONAL
9 (RLIN) 50451
Nombre de persona Castro Campillo, Galia
100 1# - ASIENTO PRINCIPAL--NOMBRE PERSONAL
9 (RLIN) 50453
Nombre de persona Cáceres Castro, Elías
245 10 - MENCIÓN DE TÍTULO
Título Salud mental y enfermedad mental en América Latina :
Resto del título bibliografía sociológica
250 ## - MENCIÓN DE EDICIÓN
Mención de edición Primera edición
260 ## - PUBLICACIÓN, DISTRIBUCIÓN, ETC.
Lugar de publicación, distribución, etc. México, D.F :
Nombre del editor, distribuidor, etc. UNAM,
Fecha de publicación, distribución, etc. 1982
300 ## - DESCRIPCIÓN FÍSICA
Extensión 101 páginas
650 #4 - ASIENTO SECUNDARIO DE MATERIA - TERMINO TEMATICO
9 (RLIN) 50454
Término de materia o nombre geográfico como elemento de entrada Salud mental
Subdivisión general Aspectos sociológicos
Subdivisión cronológica Bibliografía
902 ## - ELEMENTOS DE DATOS B LOCAL, LDB (RLIN)
Creó GCH120923
Modificó VíctorGodínez/261023
942 ## - ELEMENTOS DE PUNTO DE ACCESO ADICIONAL (KOHA)
Fuente del sistema de clasificación o colocación Library of Congress Classification
Tipo de ítem Koha Libro
Holdings
Estado de retiro Estado de pérdida Fuente del sistema de clasificación o colocación Estado dañado No para préstamo Código de colección Localización permanente Ubicación/localización actual Ubicación en estantería Fecha de adquisición Clasificación Código de barras Fecha visto por última vez Precio válido a partir de Tipo de ítem Koha
    Library of Congress Classification     Colección General Bib. Gregorio Torres Quintero Bib. Gregorio Torres Quintero Planta baja 12/09/2023 Z6671.52 P78 C65 1982 337239 12/09/2023 12/09/2023 Libro